Análisis de vinos, mostos y alcoholes

Guardat en:
Dades bibliogràfiques
Autors principals: Madrid Cenzano, Javier (autor), Moreno Tejero, Gema (Autor)
Altres autors: Madrid Vicente, Antonio (autor)
Format: Llibre
Idioma:espanyol
Publicat: Madrid AMV Ediciones 2003
Madrid Mundi-Prensa 2003
Edició:1a. ed
Matèries:
Etiquetes: Afegir etiqueta
Sense etiquetes, Sigues el primer a etiquetar aquest registre!

MARC

LEADER 00000cam a2200000 a 4500
001 UCG2706
003 CL-VaPUC
008 100723e20030000sp |||||||||||||||||spa|d
020 |a 8489922764 
082 0 4 |a 663.207  |b MAD  |2 21 
100 |a Madrid Cenzano, Javier  |e autor  |9 551251 
700 |a Madrid Vicente, Antonio  |e autor  |9 551252 
700 0 |a Moreno Tejero, Gema  |e author  |9 551253 
245 1 0 |a Análisis de vinos, mostos y alcoholes 
250 |a 1a. ed 
300 |a 321 p 
942 |c BK 
945 |d 20100723 00:00:00  |a dcastane 
260 |a Madrid  |b AMV Ediciones  |c 2003 
260 |a Madrid  |b Mundi-Prensa  |c 2003 
650 7 |a TECNOLOGIA DE ALIMENTOS  |2 CL-VaPUC  |9 551254 
650 7 |a BEBIDAS ALCOHOLICAS  |2 CL-VaPUC  |9 257200 
650 0 |a Vino  |9 347466 
650 0 |a Control de calidad   |9 259714 
583 |a last modification  |c 20140813 02:18:05  |k Rodrigo Vera 
999 |c 341836  |d 341834 
952 |0 0  |1 0  |4 0  |6 663_207000000000000_MAD_2003_2003  |7 0  |8 A  |9 437621  |a BIBALI  |b BIBALI  |c RES  |d 2019-11-22  |i 4695801  |l 1  |o 663.207 MAD 2003 2003  |p 4695801  |r 2025-01-20  |s 2023-08-25  |w 2019-11-22  |y BK_R  |k ALI